Retail growth out-of-town (Record no. 72918)
[ view plain ]
| 000 -LEADER | |
|---|---|
| fixed length control field | 01150cam a2200217 4500 |
| 001 - CONTROL NUMBER | |
| control field | WB3924-07 |
| 008 - FIXED-LENGTH DATA ELEMENTS--GENERAL INFORMATION | |
| fixed length control field | 030625n2003 000 0 eng u |
| 035 ## - SYSTEM CONTROL NUMBER | |
| System control number | (Sirsi) u122737 |
| 245 ## - TITLE STATEMENT | |
| Title | Retail growth out-of-town |
| 260 ## - PUBLICATION, DISTRIBUTION, ETC. | |
| Date of publication, distribution, etc. | 2003 |
| 490 ## - SERIES STATEMENT | |
| Series statement | Property Week |
| Volume/sequential designation | 68(24) 20 June 2003, 11 |
| 520 ## - SUMMARY, ETC. | |
| Summary, etc. | Colliers CRE "Midsummer retail report" predicts that retail property will outperform all other property sectors in 2003. Retail is the only sector to show both capital and rental growth. The report also showed that, while growth in high street rents has stopped in real terms, rental growth at retail parks is 50% and climbing. The latest "Focus on retail demand" also shows the strength of the out-of-town retail market. CCRE report can be viewed at http://www.colliers.com/fr_market_regional.html and the Focus at http://www.focusnet.co.uk/index.htm?action=view&oid=193. |
| 590 ## - LOCAL NOTE (RLIN) | |
| Local note | WB |
| 650 ## - SUBJECT ADDED ENTRY--TOPICAL TERM | |
| Topical term or geographic name entry element | RETAIL RENTAL MARKET |
| 650 ## - SUBJECT ADDED ENTRY--TOPICAL TERM | |
| Topical term or geographic name entry element | RETAIL RENTAL GROWTH |
| 650 ## - SUBJECT ADDED ENTRY--TOPICAL TERM | |
| Topical term or geographic name entry element | OUT-OF-TOWN RETAIL |
| 650 ## - SUBJECT ADDED ENTRY--TOPICAL TERM | |
| Topical term or geographic name entry element | HIGH STREET RETAILING |
| 650 ## - SUBJECT ADDED ENTRY--TOPICAL TERM | |
| Topical term or geographic name entry element | PROPERTY INVESTMENT |
| 690 ## - LOCAL SUBJECT ADDED ENTRY--TOPICAL TERM (OCLC, RLIN) | |
| Topical term or geographic name as entry element | PROPERTY-COMMERCIAL PROPERTY-RETAIL PROPERTY |
| 942 ## - ADDED ENTRY ELEMENTS (KOHA) | |
| Suppress in OPAC | 0 |
| Withdrawn status | Lost status | Source of classification or shelving scheme | Damaged status | Not for loan | Home library | Current library | Shelving location | Date acquired | Total Checkouts | Full call number | Barcode | Date last seen | Copy number | Price effective from | Koha item type |
|---|---|---|---|---|---|---|---|---|---|---|---|---|---|---|---|
| Dewey Decimal Classification | London | London | News article | 25/06/2003 | WB3924-07 | 122737-1001 | 06/08/2019 | 1 | 06/08/2019 | News article |